Obálka Náhled e-knihy:
Epub
Pro půjčování e-knih musíte být přihlášeni.
Jak si půjčit online?

Expanze. II., Železo a krev /

Pokračování military sci-fi série plné meziplanetárních válek a bojů s mimozemšťany.

Uloženo v:
Série:Expanze (Joshua Dalzelle), část 2
Hlavní autor: Dalzelle, Joshua (Autor)
Další autoři: Mařík, Jakub, 1981- (Autor)
Médium: E-kniha
Jazyk:Czech
Vydáno: Ostrava : Fantom Print, 2021
Vydání:1. vydání
Témata:
Příbuzné jednotky:Z cyklu:: Expanze (Joshua Dalzelle)
Tagy:
Žádné tagy
LEADER 02590nam a2200457 i 4500
001 311350
003 CZ PrSKC
005 20260601215704.0
007 ta
008 210607s2021 xr g 000 f cze
015 |a cnb003327281 
020 |a 9788075940834  |q (brožováno) 
035 |a (OCoLC)1267680480 
040 |a ABG001  |b cze  |e rda 
041 1 |a cze  |h eng 
072 7 |a 821.111(73)-3  |x Americká próza  |2 Konspekt 
080 |a 821.111(73)-31  |2 MRF 
080 |a (0:82-311.9)  |2 MRF 
100 1 |a Dalzelle, Joshua  |7 ola2016920778  |4 aut 
240 1 0 |a Iron & blood.  |l Česky 
245 1 0 |a Expanze.  |n II.,  |p Železo a krev /  |c Joshua Dalzelle ; překlad Jakub Mařík 
246 3 0 |a Železo a krev 
250 |a 1. vydání 
264 1 |a Ostrava :  |b Fantom Print,  |c 2021 
300 |a 285 stran ;  |c 21 cm 
336 |a text  |b txt  |2 rdacontent 
337 |a bez média  |b n  |2 rdamedia 
338 |a svazek  |b nc  |2 rdacarrier 
500 |a Přeloženo z angličtiny 
520 2 |a Pokračování military sci-fi série plné meziplanetárních válek a bojů s mimozemšťany.  |b Záhadní Daršikové napadli terranskou pohraniční planetu Juwel. Vylodili pozemní jednotky a začali nemilosrdně dobývat velká města. Navíc jejich vesmírné lodě efektivně blokují celou hvězdnou soustavu. Všechny pokusy Jednotné terranské federace o přesun vojenských posil a zoufale chybějící techniky do juwelského hvězdného systému jsou snadno odraženy. Vojenské velení Federace je bezradné a zpět do služby je povolán i kapitán Jackson Wolfe. Jenže loď, kterou dostal, není žádný bitevník, ale výsadková mateřská loď, plná mariňáků a raketoplánů s technikou. Dokáže legendární kapitán splnit takřka nemožný úkol? Pokud ne, bude Juwel už navždy jen daršickou kolonií... Nakladatelská anotace. 
655 7 |a americké romány  |7 fd131796  |2 czenas 
655 7 |a vědecko-fantastické romány  |7 fd133847  |2 czenas 
655 9 |a American fiction  |2 eczenas 
655 9 |a science fiction novels  |2 eczenas 
700 1 |a Mařík, Jakub,  |d 1981-  |7 xx0073715  |4 trl 
787 0 8 |i Z cyklu:  |t Expanze (Joshua Dalzelle)  |g 2 
900 |a ABA001  |b 20 
044 |a xr 
910 |a RBIT002 
998 |d 325975  |a https://core.palmknihy.cz/api/books/325975/cover?qtt7r3  |b https://core.palmknihy.cz/api/books/325975/cover/400?qtt7r3  |c https://core.palmknihy.cz/api/books/325975/cover/50?qtt7r3  |e 2026-10-21  |g 288  |i 9788075940834  |j https://core.palmknihy.cz/api/books/325975/preview.epub  |l   |q 49  |r 1  |s https://www.palmknihy.cz/kniha/325975  |t ebook  |y 2021  |z 0  |v Expanze  |w 2 
999 |d 311348